000 01097nam a22002177a 4500
999 _c13859
_d13859
003 AR-CdUCM
008 190416b ||||| |||| 00| 0 spa d
040 _aMUNICIPALIDAD PROVINCIAL DEL CUSCO
_cBIBLIOTECA MUNICIPAL DEL CUSCO
082 _aC / 340.1 /
_bC68
100 _aCoello Jara, Sixto
_932446
245 _aProyecto de ley :
_bPresentados por los senadores Sixto Coello Jara y Antonio Astete Abrill y el diputado Julio C. Pastor Códova, en las cámaras de senadores y diputados, en el lapso de seis años del régimen de 1956 - 1962 /
260 _aCuzco :
_bH. G. Rozas S. A,
_c1962.
300 _a50 páginas ;
_c21 cm.
505 _aContenido : A nuestros ciudadanos del departamentos del Cusco -- Proyecto de ley sobre concesión de indultos a doscientos reos condenados a penas privativas de la libertad, en el fuero común y que las estén cumpliendo en los penales de la república ...
650 _aProyecto de ley
_98552
650 _aLeyes
_94808
650 _aCusco
_9772
700 _aAstete Abrill, Antonio
_932447
942 _2ddc
_cLIBROS
945 _arah
_d16/04/2019